| 000 | 00789nam a2200241Ia 4500 | ||
|---|---|---|---|
| 003 | OSt | ||
| 005 | 20220925234302.0 | ||
| 006 | a|||||r|||| 00| 0 | ||
| 007 | ta | ||
| 008 | 220923b |||||||| |||| 00| 0 eng d | ||
| 020 |
_a9789351392392 _c391 |
||
| 037 |
_b20355(G), 17/03/2015, ARYAN BOOKS INTERNATIONAL _cGeneral Book |
||
| 040 |
_aRTL _cRTL _beng |
||
| 041 |
_2eng _aeng |
||
| 082 | _aX56:89C.1, Q5 | ||
| 100 |
_aKEDIA Akshat _9299879 |
||
| 245 | 0 | _aBHATAT'S HANDBOOK on accounting standards(summary book with Bharats handbook) | |
| 250 | _a2nd. | ||
| 260 |
_a New Delhi _bBharat Law House _c2015 |
||
| 300 |
_a360p. _ccm. |
||
| 942 |
_hX56:89C.1, Q5 _cGB _2CC |
||
| 999 |
_c595303 _d595303 |
||